[Event "Montreal Pere Noel U1500"]
[Site "Montreal"]
[Date "2016.12.27"]
[Round "2.14"]
[White "Clozel, Claire Marie"]
[Black "Jain, Ankita"]
[Result "0-1"]
[WhiteElo "1022"]
[BlackElo "1197"]
[PlyCount "66"]
[EventDate "2016.12.26"]
[EventType "swiss"]
[EventRounds "5"]
[EventCountry "CAN"]
[SourceTitle "EXT 2022"]
[Source "ChessBase"]
[SourceDate "2021.10.06"]
[SourceVersion "1"]
[SourceVersionDate "2021.10.06"]
[SourceQuality "1"]

1. e4 e5 2. Nf3 Nc6 3. g3 Bc5 4. Qe2 Nf6 5. Bg2 0-0 6. 0-0 d6 7. d3 Bg4 8. h3 Bxf3 9. Bxf3 Qd7 10. Nc3 Qxh3 11. Bg2 Qe6 12. Nb5 Nd4 13. Nxd4 Bxd4 14. c3 Bc5 15. d4 exd4 16. c4 c6 17. Bd2 d5 18. exd5 Qxe2 19. Bf4 cxd5 20. Rae1 Qxb2 21. Re5 Qxa2 22. cxd5 Bd6 23. Rg5 Bxf4 24. gxf4 Rad8 25. Rd1 Nxd5 26. f5 d3 27. Rxd3 Qb1+ 28. Bf1 Rfe8 29. Rdg3 g6 30. Rh3 Re1 31. Kg2 Rxf1 32. Rhh5 Rg1+ 33. Kf3 Rxg5 0-1